000 00309nam a2200121Ia 4500
008 190216s9999||||xx |||||||||||||| ||und||
100 _aChoubey. Pk
245 0 _aIndian Economic Development: Text Book For Class. Xi
260 _bNcrt - Newdelhi
_c2002
300 _a192
650 _aEconomics
942 _cREF
999 _c36688
_d36688